000 00389 a2200157 4500
001 72219
020 _a8532207871
040 _cAnchieta - Colégio São Paulo
100 _aVasconcellos, Cecíllia
240 1 0 _aA verdadeira história da estátua
_lpor
245 1 0 _aA verdadeira história da estátua
300 _a44
362 0 _a1997
650 4 _aLiteratura infantil
942 _cBK
999 _c72219
_d72219